Establecimientos franciscanos en el misterioso reino de Nuevo México /

Salvato in:
Dettagli Bibliografici
Autore principale: Ocaranza, Fernando (autor)
Natura: Libro
Lingua:spagnolo
Pubblicazione: México : editorial no identificada, 1934, c1934
Soggetti:
Tags: Aggiungi Tag
Nessun Tag, puoi essere il primo ad aggiungerne!!

MARC

LEADER 00000nam^a2200000^a^4500
001 000116006
005 20250521000000.0
009 20260526122818.031
037 |a Acervo ITESO - Biblioteca 
041 |a ESP 
082 |a 972. 03  |b OCA 
100 |a Ocaranza, Fernando  |e (autor) 
245 1 0 |a Establecimientos franciscanos en el misterioso reino de Nuevo México /  |c F. Ocaranza. 
264 4 |a México :  |b editorial no identificada,  |c 1934, c1934 
300 |a 199 p. 
336 |a texto  |b txt  |2 rdacontenido 
337 |a sin mediación  |b n  |2 rdamedio 
338 |a volumen  |b nc  |2 rdasoporte 
649 |a XX 
650 |a Franciscanos en México -  |x Historia -  |y Epoca Colonial, 1517-1821 
650 |a Monasticismo y Ordenes Religiosas -  |z México -  |x Historia -  |y Epoca Colonial, 1517-1821 
650 |a Evangelización -  |z México -  |x Historia -  |y Epoca Colonial, 1517-1821 
650 |a Misiones -  |z México -  |x Historia -  |y Epoca Colonial, 1517-1821 
650 |a Iglesia Católica en México -  |x Historia -  |y Epoca Colonial, 1517-1821 
650 |a Catolicismo -  |z México -  |x Historia -  |y Epoca Colonial, 1517-1821 
650 |a Cristianismo -  |z México -  |x Historia -  |y Epoca Colonial, 1517-1821 
650 |a Religión -  |z México -  |x Historia -  |y Epoca Colonial, 1517-1821 
650 |a México -  |x Historia -  |y Epoca Colonial, 1517-1821 
650 |a Franciscanos en Nuevo México, EUA -  |x Historia -  |y Epoca Colonial, 1607-1783 
650 |a Monasticismo y Ordenes Religiosas -  |z Nuevo México, EUA -  |x Historia -  |y Epoca Colonial, 1607-1873 
650 |a Evangelización -  |z Nuevo México, EUA -  |x Historia -  |y Epoca Colonial, 1607-1783 
650 |a Misiones -  |z Nuevo México, EUA -  |x Historia -  |y Epoca Colonial, 1607-1783 
650 |a Iglesia Católica en Nuevo México, EUA -  |x Historia -  |y Epoca Colonial, 1607-1783 
650 |a Catolicismo -  |z Nuevo México, EUA -  |x Historia -  |y Epoca Colonial, 1607-1783 
650 |a Cristianismo -  |z Nuevo México, EUA -  |x Historia -  |y Epoca Colonial, 1607-1783 
650 |a Religión -  |z Nuevo México, EUA -  |x Historia -  |y Epoca Colonial, 1607-1783 
650 |a Nuevo México, EUA -  |x Historia -  |y Epoca Colonial, 1607-1783 
910 |a Fondo Salvador Reynoso Reynoso 
920 |a Impresos - Libros 
930 |a Fondos Especiales 
905 |a 112 
901 |a 0800003141  |b IT2  |c ESP  |u 20250521 
902 |a https://opac.biblio.iteso.mx/vufind/Record/000116006